Anthropologische Dimensionen der Geschichte / (Titelsatznr. 1417)
[ MARC ]
| 000 -Satzkennung | |
|---|---|
| Kontrollfeld mit fester Länge | 00634nam a22002291c 4500 |
| 001 - Kontrollnummer | |
| Kontrollfeld | 00046299610 |
| 008 - Feld mit fester Länge zur physischen Beschreibung - Allgemeine Angaben | |
| Kontrollfeld mit fester Länge | 051003s1992 gw |||| 000u ger d |
| 020 ## - Internationale Standardbuchnummer | |
| Internationale Standardbuchnummer | 3518285920 |
| Verknüpfung | 3-518-28592-0 |
| 041 ## - Sprachcode | |
| Sprachcode des Textes/der Tonspur oder des separaten Titels | ger |
| 040 ## - Katalogisierungsquelle | |
| Übertragungsstelle | RU-10907106 |
| 003 - Kontrollnummer Identifier | |
| Kontrollfeld | RU-10907106 |
| 100 1# - Haupteintragung - Personenname | |
| Personenname | Groh, Dieter |
| 245 00 - Titel | |
| Titel | Anthropologische Dimensionen der Geschichte / |
| Verfasserangabe etc. | Dieter Groh |
| 250 ## - Ausgabebezeichnung | |
| Ausgabebezeichnung | 1. Aufl. |
| 264 ## - Produktion, Veröffentlichung, Distribution, Herstellung und Urheberrechtsvermerk | |
| Herstellungs-, Veröffentlichungs- Vertriebs-, Erzeugungsort | Frankfurt am Main : |
| Produzent, Herausgeber, Distributor, Hersteller | Suhrkamp, |
| Datum der Herstellung, der Veröffentlichung, des Vertriebs oder des Urheberschutzvermerks | 1992 |
| 300 ## - Physische Beschreibung | |
| Umfang | 314 S. |
| 490 #0 - Gesamttitelangabe | |
| Gesamttitelangabe | Suhrkamp-Taschenbuch Wissenschaft |
| Bandnummer/Folgebezeichnung | 992 |
| 650 #0 - Nebeneintragung unter einem Schlagwort - Sachschlagwort | |
| Sachschlagwort oder geografischer Name als Eintragungselement | Historische Anthropologie |
| 650 #0 - Nebeneintragung unter einem Schlagwort - Sachschlagwort | |
| Sachschlagwort oder geografischer Name als Eintragungselement | Geschichtsschreibung |
| 655 #0 - Indexierungsterm - Genre/Form | |
| Genre/Form oder fokussierter Term | Aufsatzsammlung |
| 942 ## - Zusätzliche Felder (Koha) | |
| Koha-Medientyp | Monographien |
| Ausgeschieden | Verloren | Klassifikation oder Aufstellungssystematik | Beschädigt | Nicht entleihbar | Heimatbibliothek | Aufenthaltsbibliothek | Aufstellungsort | Erwerbungsdatum | Inventarnummer | Signatur | Barcode | Letzte Aktivität | Preis gültig von | Koha-Medientyp |
|---|---|---|---|---|---|---|---|---|---|---|---|---|---|---|
| Andere/Generische Klassifikation | MWN Osteuropa | MWN Osteuropa | Lesesaal | 03/10/2005 | 05-04062 | G 40 aD Gro 2 | E004015078F6C9CC | 22/02/2021 | 22/03/2021 | Monographien |